书目信息 |
| 题名: |
河北省果品增收集
|
|
| 作者: | 宋恩华 主编 | |
| 分册: | ||
| 出版信息: | 石家庄 河北科学技术出版社 2004 |
|
| 页数: | 225页 | |
| 开本: | 20cm | |
| 丛书名: | ||
| 单 册: | ||
| 中图分类: | F326.13-53 | |
| 科图分类: | ||
| 主题词: | 农业经济--中国 | |
| 电子资源: | ||
| ISBN: | 7-5375-3145-5 | |
| 000 | 00688nam0 2200205 450 | |
| 001 | 0761407252 | |
| 005 | 20070720090620.62 | |
| 010 | @a7-5375-3145-5@dCNY20.00 | |
| 100 | @a20070718d2004 km y0chiy0120 ea | |
| 101 | 0 | @achi |
| 102 | @aCN@b130000 | |
| 200 | 1 | @a河北省果品增收集@Ahe bei sheng guo pin zeng shou ji@f宋恩华主编@Fsong en hua zhu bian |
| 210 | @a石家庄@c河北科学技术出版社@d2004 | |
| 215 | @a225页@d20cm | |
| 330 | @a本书从果品基地、贮藏、加工、流通、龙头企业建设等方面收录了河北省首批31个果品增收示范村的致富经验。 | |
| 606 | 0 | @a农业经济@x中国 |
| 690 | @aF326.13-53@v3 | |
| 701 | 0 | @a宋恩华@Asong en hua@4主编 |
| 801 | 0 | @aCN@bPFT@c20070720 |
| 905 | @a10447@dF326.13-53@e82 | |
| 河北省果品增收集/宋恩华主编.-石家庄:河北科学技术出版社,2004 |
| 225页;20cm |
| ISBN 7-5375-3145-5:CNY20.00 |
| 本书从果品基地、贮藏、加工、流通、龙头企业建设等方面收录了河北省首批31个果品增收示范村的致富经验。 |
| ● |
| 相关链接 |
|
|
|
|
正题名:河北省果品增收集
索取号:F326.13-53/82
 
预约/预借
| 序号 | 登录号 | 条形码 | 馆藏地/架位号 | 状态 | 备注 |
| 1 | 0782605 | 207826058 | 第一样本阅览室/ [索取号:F326.13-53/82] | 在馆 | |
| 2 | 0782606 | 207826067 | 密集书库/ [索取号:F326.13-53/82] | 在馆 | |
| 3 | 0782607 | 207826076 | 密集书库/ [索取号:F326.13-53/82] | 在馆 | |
| 4 | 0782608 | 207826085 | 密集书库/ [索取号:F326.13-53/82] | 在馆 | |
| 5 | 0782609 | 207826094 | 密集书库/ [索取号:F326.13-53/82] | 在馆 | |
| 6 | 0782610 | 207826101 | 库房3/ [索取号:F326.13-53/82] | 在馆 | |
| 7 | 0782611 | 207826110 | 库房3/ [索取号:F326.13-53/82] | 在馆 | |
| 8 | 0782612 | 207826129 | 库房3/ [索取号:F326.13-53/82] | 在馆 | |
| 9 | 0782613 | 207826138 | 库房3/ [索取号:F326.13-53/82] | 在馆 | |
| 10 | 0782614 | 207826147 | 库房3/ [索取号:F326.13-53/82] | 在馆 | |
| 11 | 0782615 | 207826156 | 库房3/ [索取号:F326.13-53/82] | 在馆 | |
| 12 | 0782616 | 207826165 | 库房3/ [索取号:F326.13-53/82] | 在馆 | |
| 13 | 0782617 | 207826174 | 库房3/ [索取号:F326.13-53/82] | 在馆 | |
| 14 | 0782618 | 207826183 | 库房3/ [索取号:F326.13-53/82] | 在馆 | |
| 15 | 0782619 | 207826192 | 库房3/ [索取号:F326.13-53/82] | 在馆 | |
| 16 | 0782620 | 207826209 | 库房3/ [索取号:F326.13-53/82] | 在馆 | |
| 17 | 0782621 | 207826218 | 库房3/ [索取号:F326.13-53/82] | 在馆 | |
| 18 | 0782622 | 207826227 | 库房3/ [索取号:F326.13-53/82] | 在馆 | |
| 19 | 0782623 | 207826236 | 库房3/ [索取号:F326.13-53/82] | 在馆 | |
| 20 | 0782624 | 207826245 | 库房3/ [索取号:F326.13-53/82] | 在馆 | |
| 21 | 0782625 | 207826254 | 库房3/ [索取号:F326.13-53/82] | 在馆 | |
| 22 | 0782626 | 207826263 | 库房3/ [索取号:F326.13-53/82] | 在馆 | |
| 23 | 0782627 | 207826272 | 库房3/ [索取号:F326.13-53/82] | 在馆 | |
| 24 | 0782628 | 207826281 | 库房3/ [索取号:F326.13-53/82] | 在馆 | |
| 25 | 0782629 | 207826290 | 库房3/ [索取号:F326.13-53/82] | 在馆 | |
| 26 | 0782630 | 207826307 | 库房3/ [索取号:F326.13-53/82] | 在馆 | |
| 27 | 0782631 | 207826316 | 库房3/ [索取号:F326.13-53/82] | 在馆 | |
| 28 | 0782632 | 207826325 | 库房3/ [索取号:F326.13-53/82] | 在馆 | |
| 29 | 0782633 | 207826334 | 库房3/ [索取号:F326.13-53/82] | 在馆 | |
| 30 | 0782634 | 207826343 | 库房3/ [索取号:F326.13-53/82] | 在馆 |